|
|
|
|
| LEADER |
02276nam a22004095i 4500 |
| 001 |
978-1-4419-6221-8 |
| 003 |
DE-He213 |
| 005 |
20151121023707.0 |
| 007 |
cr nn 008mamaa |
| 008 |
120604s2012 xxu| s |||| 0|eng d |
| 020 |
|
|
|a 9781441962218
|9 978-1-4419-6221-8
|
| 024 |
7 |
|
|a 10.1007/978-1-4419-6221-8
|2 doi
|
| 040 |
|
|
|d GrThAP
|
| 050 |
|
4 |
|a HM401-1281
|
| 072 |
|
7 |
|a JHB
|2 bicssc
|
| 072 |
|
7 |
|a SOC026000
|2 bisacsh
|
| 082 |
0 |
4 |
|a 301
|2 23
|
| 100 |
1 |
|
|a Turner, Jonathan H.
|e author.
|
| 245 |
1 |
0 |
|a Theoretical Principles of Sociology, Volume 3
|h [electronic resource] :
|b Mesodynamics /
|c by Jonathan H. Turner.
|
| 264 |
|
1 |
|a New York, NY :
|b Springer New York :
|b Imprint: Springer,
|c 2012.
|
| 300 |
|
|
|a XIV, 434 p.
|b online resource.
|
| 336 |
|
|
|a text
|b txt
|2 rdacontent
|
| 337 |
|
|
|a computer
|b c
|2 rdamedia
|
| 338 |
|
|
|a online resource
|b cr
|2 rdacarrier
|
| 347 |
|
|
|a text file
|b PDF
|2 rda
|
| 505 |
0 |
|
|a Acknowledgements -- Preface -- Chapter 1. The Meso-level Realm of Social Reality -- Chapter 2. Macrodynamic Environments of the Meso Realm -- Chapter 3. Micro Environments of the Meso Realm -- Chapter 4. The Dynamics of Categoric Units -- Chapter 5. The Dynamics of Groups -- Chapter 6. The Dynamics of Organizations -- Chapter 7. The Dynamics of Communities -- Chapter 8. Meso-Level Social Change -- Chapter 9. Principles of Mesodynamics -- References.
|
| 520 |
|
|
|a The meso-level realm of social reality is structured by corporate and categoric units, along with their respective cultures. Unlike the macro and micro realms of social reality, the meso-level does not reveal its own unique forces. Rather, the dynamics of meso-structures and cultures are driven by macro- and micro-level forces pushing on individual and collective actors as they build corporate units and develop parameters defining membership in particular social categories.
|
| 650 |
|
0 |
|a Social sciences.
|
| 650 |
|
0 |
|a Sociology.
|
| 650 |
1 |
4 |
|a Social Sciences.
|
| 650 |
2 |
4 |
|a Sociology, general.
|
| 710 |
2 |
|
|a SpringerLink (Online service)
|
| 773 |
0 |
|
|t Springer eBooks
|
| 776 |
0 |
8 |
|i Printed edition:
|z 9781441962201
|
| 856 |
4 |
0 |
|u http://dx.doi.org/10.1007/978-1-4419-6221-8
|z Full Text via HEAL-Link
|
| 912 |
|
|
|a ZDB-2-SHU
|
| 950 |
|
|
|a Humanities, Social Sciences and Law (Springer-11648)
|